Normal view
MARC view
Entry Personal Name
001 - CONTROL NUMBER
- control field: 342726
003 - CONTROL NUMBER IDENTIFIER
- control field: OSt
005 - DATE AND TIME OF LATEST TRANSACTION
- control field: 20220926035749.0
008 - FIXED-LENGTH DATA ELEMENTS
- fixed length control field: 220926|| aca||aabn | a|a d
040 ## - CATALOGING SOURCE
- Original cataloging agency: OSt
- Transcribing agency: OSt
100 ## - HEADING--PERSONAL NAME
- Personal name: Central Statistical Board of the USSR Council of Ministers
670 ## - SOURCE DATA FOUND
- Source citation: Work cat.: (OSt)663005: Central Statistical Board of the USSR Council of Ministers 342725, Forty years of Soveit powers in facts and figures, 1958
